zpět

Detail výsledku týmu

S-bar PO, Kroměříž

Datum a čas kvízu

30.5 Celkem bodů Celkový počet nahraných bodů na tomto kvízu bez doplňovacích otázek.
1. Pořadí na kvízu Konečné umístění týmu na tomto kvízu.

Zaznamenané odpovědi

# Otázka Odpověď Body Výsledky
1. Zdravotní pojišťovny zveřejnil... 0
2. Do prodejny mobilů přišla žena... 1
3. Jak se nazývá snímek, který zí... 1
4. Na letošním ženevském autosalo... 0.5
5. Petr Čech překonal v nedělním... 1
6. V tomto tématu si posvítíme na... 0.5
7. Které jsou nejrozšířenější jaz... 1
8. Největší jezera na světě co do... 0
9. Státy Jižní Ameriky podle počt... 0.5
10. Evropské země podle rozlohy: 1... 0.5